Reading between the lines : (Record no. 12290)

000 -LEADER
fixed length control field 00631cam a22001934a 4500
020 ## - INTERNATIONAL STANDARD BOOK NUMBER
ISBN 0767416384 (pbk.)
040 ## - CATALOGING SOURCE
Transcribing agency DLC
082 00 - DEWEY DECIMAL CLASSIFICATION NUMBER
Classification number 361 MAY 2001 A019 Or.
245 00 - TITLE STATEMENT
Title Reading between the lines :
Remainder of title toward an understanding of current social problems /
250 ## - EDITION STATEMENT
Edition statement 2nd ed.
260 ## - PUBLICATION, DISTRIBUTION, ETC. (IMPRINT)
Place of publication Mountain View, Calif. :
Name of publisher Mayfield,
Year of publication c2001.
300 ## - PHYSICAL DESCRIPTION
Number of Pages xiv, 576 p. :
Other physical details ill. ;
Dimensions 24 cm.
650 #0 - SUBJECT ADDED ENTRY--TOPICAL TERM
Topical Term Social problems.
700 1# - ADDED ENTRY--PERSONAL NAME
Personal name Konradi, Amanda.
700 1# - ADDED ENTRY--PERSONAL NAME
Personal name Schmidt, Martha
856 42 - ELECTRONIC LOCATION AND ACCESS
Uniform Resource Identifier http://www.loc.gov/catdir/description/mh024/00029224.html
856 41 - ELECTRONIC LOCATION AND ACCESS
Uniform Resource Identifier http://www.loc.gov/catdir/toc/mh023/00029224.html
942 ## - ADDED ENTRY ELEMENTS (KOHA)
Koha item type សៀវភៅភាសាអង់គ្លេស
952 ## - LOCATION AND ITEM INFORMATION (KOHA)
Withdrawn status [LOCAL, KOHA] 0
952 ## - LOCATION AND ITEM INFORMATION (KOHA)
Withdrawn status [LOCAL, KOHA] 0
Holdings
Permanent Location Date acquired Koha item type Lost status Shelving location Barcode Current Location Full call number
Library Block A2017-08-11សៀវភៅភាសាអង់គ្លេស A019A17122Library Block A361 MAY 2001 A019 Or.
Library Block A2017-10-12សៀវភៅភាសាអង់គ្លេស A067A13540Library Block A361 MAY 2001 A067 Or.
មជ្ឈមណ្ឌលឯការនៃសាកលវិទ្យាល័យភូមិន្ទកសិកម្មចំការដូង

Powered by Koha